| 000 | 01254nam a22003134a 4500 | ||
|---|---|---|---|
| 001 | ebr10046961 | ||
| 003 | CaPaEBR | ||
| 006 | m u | ||
| 007 | cr cn||||||||| | ||
| 008 | 000718s2000 ne a sb 001 0 eng | ||
| 010 | _z 00060053 | ||
| 020 | _z079236581X (hardbound : alk. paper) | ||
| 040 |
_aCaPaEBR _cCaPaEBR |
||
| 035 | _a(OCoLC)55663966 | ||
| 050 | 1 | 4 |
_aQC174.17.I76 _bF35 2000eb |
| 082 | 0 | 4 |
_a530.12 _221 |
| 100 | 1 |
_aFain, Benjamin, _d1930- |
|
| 245 | 1 | 0 |
_aIrreversibilities in quantum mechanics _h[electronic resource] / _cBenjamin Fain. |
| 260 |
_aDordrecht ; _aBoston, MA : _bKluwer Academic, _c2000. |
||
| 300 |
_ax, 213 p. : _bill. |
||
| 490 | 1 |
_aFundamental theories of physics ; _vv. 113 |
|
| 504 | _aIncludes bibliographical references and index. | ||
| 533 |
_aElectronic reproduction. _bPalo Alto, Calif. : _cebrary, _d2013. _nAvailable via World Wide Web. _nAccess may be limited to ebrary affiliated libraries. |
||
| 650 | 0 | _aIrreversible processes. | |
| 655 | 7 |
_aElectronic books. _2local |
|
| 710 | 2 | _aebrary, Inc. | |
| 830 | 0 |
_aFundamental theories of physics ; _vv. 113. |
|
| 856 | 4 | 0 |
_uhttp://site.ebrary.com/lib/rucke/Doc?id=10046961 _zAn electronic book accessible through the World Wide Web; click to view |
| 999 |
_c173502 _d173502 |
||